Weighted Kaplan-Meier statistics: Large sample and optimality considerations.

Použitie kumulatívnej váženej diferencie v Kaplan-Meierových odhadoch vo funkcii štatistiky testu rovnosti distribúcií. Opis teórie asymptotickej distribúcie a výpočet optimálnych váhových funkcií.

Na minha lista:
Detalhes bibliográficos
Autor principal: Pepe, M.S
Outros Autores: Fleming, T.R
Formato: Capítulo de Livro
Idioma:inglês
Assuntos:
Tags: Adicionar Tag
Sem tags, seja o primeiro a adicionar uma tag!

MARC

LEADER 00000naa a2200000 4500
001 r006191
005 20221213085136.7
041 0 |a eng 
044 |a GB 
245 1 0 |a Weighted Kaplan-Meier statistics: Large sample and optimality considerations.  |c M.S. Pepe, T.R. Fleming 
520 |a Použitie kumulatívnej váženej diferencie v Kaplan-Meierových odhadoch vo funkcii štatistiky testu rovnosti distribúcií. Opis teórie asymptotickej distribúcie a výpočet optimálnych váhových funkcií. 
610 2 0 |a metódy štatistické 
610 2 0 |a odhad štatistický 
100 1 |a Pepe, M.S. 
700 1 |a Fleming, T.R.